| 000 | 01026nam a22002057a 4500 | ||
|---|---|---|---|
| 999 |
_c62522 _d62522 |
||
| 005 | 20241128125536.0 | ||
| 008 | 241128s2018 ru ||||| |||| 00| 0 rus d | ||
| 020 | _a9785001170051 X | ||
| 041 | _aruc | ||
| 080 | _a658.5 X-20 | ||
| 100 |
_aХарфорд, Тим _923808 |
||
| 245 |
_aХаос. _bКак беспорядок меняет нашу жизнь к лучшему / _cТим Харфорд, пер. санг. Юлия Гиматова |
||
| 264 |
_aМосква : _b Манн, Иванов и Фербер, _c2018. |
||
| 300 |
_a320c. _b23 cm. |
||
| 653 | _aХаос. Как беспорядок меняет нашу жизнь к лучшему | ||
| 653 | _aქაოსი. როგორ ცვლის არეულობა ჩვენს ცხოვრებას უკეთესობისკენ | ||
| 653 | _a ეკონომიკა, ფსიქოლოგია | ||
| 700 |
_aГиматова, Юлия _eმთარგმნელი _923809 |
||
| 942 |
_2udc _cᲬᲘᲒᲜᲘ |
||